|
|
|
|
| LEADER |
00000cam a22000004a 4500 |
| 001 |
musev2_70982 |
| 003 |
MdBmJHUP |
| 005 |
20230905051321.0 |
| 006 |
m o d |
| 007 |
cr||||||||nn|n |
| 008 |
030530s2000 ncu o 00 0 eng d |
| 020 |
|
|
|a 9780822380191
|
| 020 |
|
|
|z 9780822325963
|
| 020 |
|
|
|z 9780822325826
|
| 035 |
|
|
|a (OCoLC)1143622965
|
| 040 |
|
|
|a MdBmJHUP
|c MdBmJHUP
|
| 100 |
1 |
|
|a De la Fuente, Ariel.
|
| 245 |
1 |
0 |
|a Children of Facundo :
|b Caudillo and Gaucho Insurgency during the Argentine State-Formation Process (La Rioja, 1853-1870) /
|c Ariel de la Fuente.
|
| 264 |
|
1 |
|a Durham :
|b Duke University Press,
|c 2000.
|
| 264 |
|
3 |
|a Baltimore, Md. :
|b Project MUSE,
|c 2020
|
| 264 |
|
4 |
|c ©2000.
|
| 300 |
|
|
|a 1 online resource (264 pages):
|b 1 map
|
| 336 |
|
|
|a text
|b txt
|2 rdacontent
|
| 337 |
|
|
|a computer
|b c
|2 rdamedia
|
| 338 |
|
|
|a online resource
|b cr
|2 rdacarrier
|
| 500 |
|
|
|a Originally presented as the author's thesis (Ph. D.)--State University of New York at Stony Brook.
|
| 505 |
0 |
|
|a 1 Caudillos, Provincial Elites, and the Formation of the National State -- 2 Unitarians and Federalists in Famatina: The Agrarian Component of Political Conflict in a Valley of the Andean Interior -- 3 The Society of the Llanos -- 4 Gauchos, Montoneros, and Montoneras: Social Profile and Internal Workings of the Rebellions -- 5 Caudillos and Followers: The Forms of a Relationship -- 6 Facundo and Chacho in Songs and Stories: Oral Culture and Representations of Leadership -- 7 Whites and Blacks, Masons and Christians: Ethnicity and Religion in the Political Identity of the Federalist Rebels -- 8 State Formation and Party Identity: The New Meanings of Federalism in the 1860s -- 9 The Vanishing of Federalism -- Conclusions.
|
| 520 |
|
|
|a Combines peasant studies and cultural history to revise the received wisdom on nineteenth-century Argentinian politics and aspects of the Argentinian state-formation process.
|
| 588 |
|
|
|a Description based on print version record.
|
| 651 |
|
7 |
|a Argentina
|z La Rioja (Province)
|2 fast
|0 (OCoLC)fst01330546
|
| 651 |
|
7 |
|a Argentina.
|2 fast
|0 (OCoLC)fst01205614
|
| 651 |
|
6 |
|a La Rioja (Argentine : Province)
|x Histoire
|y 19e siecle.
|
| 651 |
|
0 |
|a La Rioja (Argentina : Province)
|x History
|y 19th century.
|
| 650 |
1 |
7 |
|a Opstanden.
|2 gtt
|
| 650 |
1 |
7 |
|a Gaucho's.
|2 gtt
|
| 650 |
|
7 |
|a Government, Resistance to.
|2 fast
|0 (OCoLC)fst00945663
|
| 650 |
|
7 |
|a Gauchos.
|2 fast
|0 (OCoLC)fst00938976
|
| 650 |
|
7 |
|a Federal government.
|2 fast
|0 (OCoLC)fst00922333
|
| 650 |
|
7 |
|a Caudillos.
|2 fast
|0 (OCoLC)fst00849805
|
| 650 |
|
7 |
|a HISTORY
|z Latin America
|z South America.
|2 bisacsh
|
| 650 |
|
6 |
|a Gauchos
|z Argentine
|z La Rioja (Province)
|x Histoire
|y 19e siecle.
|
| 650 |
|
6 |
|a Caudillos
|z Argentine
|z La Rioja (Province)
|x Histoire
|y 19e siecle.
|
| 650 |
|
6 |
|a Resistance au gouvernement
|z Argentine
|z La Rioja (Province)
|x Histoire.
|
| 650 |
|
0 |
|a Federal government
|z Argentina
|x History
|y 19th century.
|
| 650 |
|
0 |
|a Gauchos
|z Argentina
|z La Rioja (Province)
|x History
|y 19th century.
|
| 650 |
|
0 |
|a Caudillos
|z Argentina
|z La Rioja (Province)
|x History
|y 19th century.
|
| 650 |
|
0 |
|a Government, Resistance to
|z Argentina
|z La Rioja (Province)
|x History.
|
| 655 |
|
7 |
|a History.
|2 fast
|0 (OCoLC)fst01411628
|
| 655 |
|
7 |
|a Electronic books.
|2 local
|
| 710 |
2 |
|
|a Project Muse.
|e distributor
|
| 830 |
|
0 |
|a Book collections on Project MUSE.
|
| 856 |
4 |
0 |
|z Texto completo
|u https://projectmuse.uam.elogim.com/book/70982/
|
| 945 |
|
|
|a Project MUSE - Custom Collection
|